Computational Geometry for Ships / (Record no. 1628)

000 -LEADER
fixed length control field 00721nam a2200253Ia 4500
007 - PHYSICAL DESCRIPTION FIXED FIELD--GENERAL INFORMATION
fixed length control field ta
008 - FIXED-LENGTH DATA ELEMENTS--GENERAL INFORMATION
fixed length control field 190805t1995 si ad||g||||||||1 ||und||
020 ## - INTERNATIONAL STANDARD BOOK NUMBER
International Standard Book Number 9789810221393
Terms of availability $ 75.00
040 ## - CATALOGING SOURCE
Original cataloging agency IMU Kochi Library
Language of cataloging eng
041 0# - LANGUAGE CODE
Language code of text/sound track or separate title eng
044 ## - COUNTRY OF PUBLISHING/PRODUCING ENTITY CODE
MARC country code Singapore
082 04 - DEWEY DECIMAL CLASSIFICATION NUMBER
Classification number 623.84
Item number N86
Edition number 23
245 10 - TITLE STATEMENT
Title Computational Geometry for Ships /
260 ## - PUBLICATION, DISTRIBUTION, ETC. (IMPRINT)
Place of publication, distribution, etc Singapore :
Name of publisher, distributor, etc World Scientific,
Date of publication, distribution, etc 1995.
300 ## - PHYSICAL DESCRIPTION
Extent xii, 238 p. :
Other physical details ill., charts ;
Dimensions 23 cm.
504 ## - BIBLIOGRAPHY, ETC. NOTE
Bibliography, etc Includes Index.
650 #0 - SUBJECT ADDED ENTRY--TOPICAL TERM
Topical term or geographic name as entry element Naval architecture
General subdivision Data processing
700 1# - ADDED ENTRY--PERSONAL NAME
Personal name Bloor, M. I. G.
Relator term Editor
700 1# - ADDED ENTRY--PERSONAL NAME
Personal name Nowacki, H
Relator term Editor
700 1# - ADDED ENTRY--PERSONAL NAME
Personal name Oleksiewicz, B
Relator term Editor
852 ## - LOCATION/CALL NUMBER
Location IMU Kochi Library
904 ## - LOCAL DATA ELEMENT D, LDD (RLIN)
CATALOGER Akhil Bose
942 ## - ADDED ENTRY ELEMENTS (KOHA)
Item type Books
Holdings
Withdrawn status Lost status Source of classification or shelving scheme Damaged status Not for loan Collection code Permanent location Current location Shelving location Date acquired Source of acquisition Cost, normal purchase price Full call number Barcode Date last seen Koha item type Public note
          Engineering IMU Kochi Library IMU Kochi Library Reference 2015-02-03 M/s Scientific Book Centre (Inv. No. SBC/14-15/50 dt. 2015-01-23) 4950.00 623.84 N86 BK001209 2020-01-13 Books Shelf-5, Row-4


Copyright © All Rights Reserved by Indian Maritime University, Kochi Campus.
For any Suggestions/Query Contact to library or Email: library.kochi@imu.ac.in Ph:(0484)-2989402
(Web OPAC Designed by Rudra Ranjan. Maintained by IMU Kochi Library)

Powered by Koha